000 00258nam a2200109Ia 4500
008 230907s9999||||xx |||||||||||||| ||und||
082 _a330
_bARN
100 _aArnold, Roger A.,
_964371
245 0 _aEconomics /
300 _axxxii, 976 pages :
942 _cBK
999 _c599021
_d599021